Solar wind nine (Record no. 13238)
[ view plain ]
| 000 -LEADER | |
|---|---|
| fixed length control field | 00988nam a2200241Ia 4500 |
| 003 - CONTROL NUMBER IDENTIFIER | |
| control field | IN-BaIIA |
| 008 - FIXED-LENGTH DATA ELEMENTS--GENERAL INFORMATION | |
| fixed length control field | 211028s9999 xx 000 0 eng d |
| 020 ## - INTERNATIONAL STANDARD BOOK NUMBER | |
| International Standard Book Number | 1-56396-865-7 |
| 040 ## - CATALOGING SOURCE | |
| Transcribing agency | IIA Library |
| 080 ## - UNIVERSAL DECIMAL CLASSIFICATION NUMBER | |
| Universal Decimal Classification number | 523.62-726(082.2) |
| Item number | SOL |
| 111 ## - MAIN ENTRY--MEETING NAME | |
| Meeting name or jurisdiction name as entry element | International Solar Wind Conference on Solar Wind Nine |
| Number of part/section/meeting | 9 |
| Location of meeting | Massachusetts, U.S.A |
| Date of meeting or treaty signing | 1998 |
| 9 (RLIN) | 23306 |
| 245 #0 - TITLE STATEMENT | |
| Title | Solar wind nine |
| Remainder of title | proceedings of the ninth international solar wind conference on solar wind nine, held in Massachusetts, U.S.A, October 1998 |
| Statement of responsibility, etc. | edited by Shadia Rifai Habbal…[et al.] |
| 260 ## - PUBLICATION, DISTRIBUTION, ETC. | |
| Place of publication, distribution, etc. | New York |
| Name of publisher, distributor, etc. | American Institute of Physics |
| Date of publication, distribution, etc. | 1999 |
| 300 ## - PHYSICAL DESCRIPTION | |
| Extent | xxiv, 859p. |
| 490 ## - SERIES STATEMENT | |
| Series statement | AIP conference proceedings; v. 471 |
| 650 ## - SUBJECT ADDED ENTRY--TOPICAL TERM | |
| Topical term or geographic name entry element | Coronal plasma |
| 9 (RLIN) | 23307 |
| 650 ## - SUBJECT ADDED ENTRY--TOPICAL TERM | |
| Topical term or geographic name entry element | Solar wind |
| 9 (RLIN) | 5747 |
| 700 ## - ADDED ENTRY--PERSONAL NAME | |
| Personal name | Esser, Ruth, ed. |
| 9 (RLIN) | 23308 |
| 700 ## - ADDED ENTRY--PERSONAL NAME | |
| Personal name | Habbal, Shadia Rifai, ed. |
| 9 (RLIN) | 23309 |
| 700 ## - ADDED ENTRY--PERSONAL NAME | |
| Personal name | Hollweg, Joseph V., ed. |
| 9 (RLIN) | 23310 |
| 700 ## - ADDED ENTRY--PERSONAL NAME | |
| Personal name | Isenberg, Philip A., ed. |
| 9 (RLIN) | 23311 |
| 942 ## - ADDED ENTRY ELEMENTS (KOHA) | |
| Koha item type | Books |
| Withdrawn status | Lost status | Damaged status | Not for loan | Home library | Current library | Shelving location | Date acquired | Total Checkouts | Total Renewals | Full call number | Barcode | Date last seen | Date last checked out | Price effective from | Koha item type |
|---|---|---|---|---|---|---|---|---|---|---|---|---|---|---|---|
| IIA Library-Bangalore | IIA Library-Bangalore | General Stacks | 1 | 1 | 523.62-726(082.2)/ SOL | 14156 | 25/01/2025 | 25/01/2025 | Books |